| 000 | 01411nam a22002177a 4500 | ||
|---|---|---|---|
| 999 |
_c61912 _d61912 |
||
| 003 | Ge_BSU | ||
| 005 | 20240607115151.0 | ||
| 008 | 240607s2006 ge ||||| |||| 00| 0 geo d | ||
| 041 | _ageo | ||
| 080 | _a61(035) + 349.3 ს-21 | ||
| 245 |
_aსამაგიდო წიგნი ექიმებისათვის : _bრა უნდა იცოდეს ექიმმა : ცვლილებებითა და დამატებებით 2006 წლის 25 ნოემბრამდე / _c[რედ. გოგა ჩახუნაშვილი]. |
||
| 264 |
_aთბილისი : _b[ბონა კაუზა], _c2006. |
||
| 300 |
_a298 გვ. ; _b20 სმ. |
||
| 490 | _aიურისტის ბიბლიოთეკა | ||
| 653 | _aექიმების ცნობარი | ||
| 653 | _aსაექიმო საქმიანობის შესახებ საქართველოს კანონი | ||
| 653 | _aსამედიცინო დაზღვევის შესახებ საქართველოს კანონი | ||
| 653 | _aპაციენტის უფლებების შესახებ საქართველოს კანონი | ||
| 700 |
_aჩახუნაშვილი, გოგა. _eრედაქტორი _922356 |
||
| 942 |
_2udc _cᲬᲘᲒᲜᲘ |
||